| 000 | 00832nam a2200265Ia 4500 | ||
|---|---|---|---|
| 003 | OSt | ||
| 005 | 20221006153722.0 | ||
| 006 | a|||||r|||| 00| 0 | ||
| 007 | ta | ||
| 008 | 221006b |||||||| |||| 00| 0 eng d | ||
| 020 | _a0415372151 | ||
| 024 | _a33,132 | ||
| 037 |
_bGift, Japan Foundation _cAnnuals, Advances |
||
| 040 |
_aEASL _cEASL _beng |
||
| 041 |
_2eng _aeng |
||
| 082 | _aV42:1949B.P5, P7 | ||
| 100 |
_aSaaler Seven Ed. _9665109 |
||
| 245 | 0 | _aPan Asianism in Modern Japanese history | |
| 260 |
_aLondon _bRoutledge _c2007 |
||
| 300 |
_axiii,288p. _ccm. |
||
| 490 |
_v JEL _aAsia' Transformations |
||
| 700 |
_a Koschmann Victor Ed. _9665110 |
||
| 942 |
_hV42:1949B.P5, P7 _cREF _2CC |
||
| 999 |
_c1101218 _d1101218 |
||